000 01103nam a2200265Ia 4500
003 OSt
005 20221005111019.0
006 a|||||r|||| 00| 0
007 ta
008 221004b |||||||| |||| 00| 0 hin d
020 _a9788183616386 (hbk)
_c1200
024 _a15672
037 _bBR6203, 25/12/2014, Rajkamal Prakashan Pvt. Ltd.
_cTextual
040 _aCRL
_cCRL
_bhin
041 _2hin
_ahin
082 _aP152v, Q4
100 _aपरिमलेन्दु, रामनिरंजन
245 0 _aदेवनागरी लिपि और हिन्दी
_b संघर्षो की ऐतिहासिक यात्रा
246 _aDevanāgarī lipi aur hindī: sangharṣho kī aitihāsik yātrā
260 _aनई दिल्ली
_bराधाकृष्ण भारत
_c2014
300 _a319पृ0
_ccm.
650 _aहिन्दी भाषा
942 _hP152v, Q4
_cTEXL
_2cc
999 _c1020558
_d1020558